000 00724nam a22002177a 4500
003 UA-OsUOA
001 75155
007 ta
008 20110506b un ||||| |||| 00| 0 ukr d
100 _aЗумакулов Б.М.
090 _a34
_bЗ-93
942 _cSA
040 _aUA-OsUOA
_brus
_cUA-OsUOA
_dUA-OsUOA
245 _aПрава граждан на социальное обеспечение и их реализация в условиях рыночных отношений
300 _aС. 4-10
955 _a0
041 _arus
080 _a34
773 0 _w75154
_tСоциальные технологии, исследования
_dМ.
_d2010
_g5
650 7 _a34 Право. Юриспруденція
_2UDC
999 _c361452
_d361452